| 000 | 00533nam a22001937a 4500 | ||
|---|---|---|---|
| 003 | OSt | ||
| 008 | 240523b2010 |||||||| |||| 00| 0 eng d | ||
| 020 | _a9788131733486 | ||
| 082 |
_a658.72 _bLYS-P |
||
| 100 | _aLysons, Kenneth | ||
| 245 |
_aPurchasing and supply chain management / _cKenneth Lysons and Brian Farrington. |
||
| 250 | _a7th | ||
| 260 |
_aTamil Nadu : _bPearson, _c2010. |
||
| 300 | _axix, 709 p. ; | ||
| 650 | _aPurchasing | ||
| 650 | _aIndustrial management | ||
| 700 | _aFarrington, Brian | ||
| 942 |
_2ddc _cBK _01 |
||
| 999 |
_c20583 _d20583 |
||